Statistics for K-Pop stars' country of origin

Click here to take the quiz!

General Stats

  • This quiz has been taken 47 times
  • The average score is 13 of 15

Answer Stats

HintAnswer% Correct
Lay (EXO-M)China
100%
WinWin (NCT)China
100%
Mina (Twice)Japan
95%
Sana (Twice)Japan
95%
Lisa (BLACKPINK)Thailand
95%
BamBam (GOT7)Thailand
95%
Joshua (Seventeen)United States
95%
JinnyUnited States
95%
Tzuyu (Twice)Taiwan
93%
Felix (Stray Kids)Australia
91%
Bang Chan (Stray Kids)Australia
91%
RoséNew Zealand
84%
Henry LauCanada
77%
DItaIndonesia
65%
Jae (Day6)Argentina
28%

Score Distribution

Percentile by Number Answered

Percent of People with Each Score

Your Score History

You have not taken this quiz